000 00478nam a22001097a 4500
005 20260311163430.0
008 260311s2022 xxk||||| |||| 00| 0 eng d
245 _aLetter from Buckingham Palace to RICS President Mr Clement Lau
260 _cDecember 2022
300 _bLetter & envelope
520 _aLetter from Matt Magee, Deputy Private Secretary to The King thanking for king message of sympathy following the death of Queen Elizabeth II. Envelope postmarked 15 December 2022.
999 _c122320
_d122320